<?xml version="1.0" encoding="UTF-8"?>
<record
    xmlns:xsi="http://www.w3.org/2001/XMLSchema-instance"
    xsi:schemaLocation="http://www.loc.gov/MARC21/slim http://www.loc.gov/standards/marcxml/schema/MARC21slim.xsd"
    xmlns="http://www.loc.gov/MARC21/slim">

  <leader>00428nam a2200157Ia 4500</leader>
  <controlfield tag="008">230718s9999    xx            000 0 und d</controlfield>
  <datafield tag="041" ind1=" " ind2=" ">
    <subfield code="a">eng</subfield>
  </datafield>
  <datafield tag="082" ind1=" " ind2=" ">
    <subfield code="a">513</subfield>
    <subfield code="b">AGG</subfield>
  </datafield>
  <datafield tag="100" ind1=" " ind2=" ">
    <subfield code="a">Aggarwal R.S.</subfield>
  </datafield>
  <datafield tag="245" ind1=" " ind2=" ">
    <subfield code="a">Arithmetic:</subfield>
    <subfield code="b">Subjective And Objective</subfield>
  </datafield>
  <datafield tag="260" ind1=" " ind2=" ">
    <subfield code="c">2010</subfield>
    <subfield code="b">S. Chand &amp; Company Ltd.</subfield>
  </datafield>
  <datafield tag="300" ind1=" " ind2=" ">
    <subfield code="a">549</subfield>
  </datafield>
  <datafield tag="365" ind1=" " ind2=" ">
    <subfield code="c">Rs.</subfield>
    <subfield code="b">260.00</subfield>
  </datafield>
  <datafield tag="700" ind1=" " ind2=" ">
    <subfield code="a">Aggarwal R.S.</subfield>
  </datafield>
  <datafield tag="906" ind1=" " ind2=" ">
    <subfield code="d">O:0073612-Mar-2010B:293910-Mar-2010</subfield>
    <subfield code="c">ALLEDS</subfield>
    <subfield code="b">195</subfield>
  </datafield>
  <datafield tag="999" ind1=" " ind2=" ">
    <subfield code="c">324553</subfield>
    <subfield code="d">324553</subfield>
  </datafield>
  <datafield tag="952" ind1=" " ind2=" ">
    <subfield code="0">0</subfield>
    <subfield code="1">0</subfield>
    <subfield code="4">0</subfield>
    <subfield code="7">0</subfield>
    <subfield code="a">CCEP</subfield>
    <subfield code="b">CCEP</subfield>
    <subfield code="d">2010-03-12</subfield>
    <subfield code="e">Om Book Stall</subfield>
    <subfield code="f">ALLEDS</subfield>
    <subfield code="g">221.00</subfield>
    <subfield code="i">2939</subfield>
    <subfield code="l">0</subfield>
    <subfield code="o">513</subfield>
    <subfield code="p">CCEP-BK-35760</subfield>
    <subfield code="r">2023-07-18 00:00:00</subfield>
    <subfield code="t">195</subfield>
    <subfield code="v">260.00</subfield>
    <subfield code="w">2010-03-10</subfield>
    <subfield code="y">BK</subfield>
    <subfield code="z">035760</subfield>
  </datafield>
</record>
